000 00486 a2200145 4500
005 20250317111048.0
020 _a978-0-470-52653-8
082 _a364.163 FIS
100 _aFISHER, K.
245 _aHow to Smell a Rat: The Five Signs of Financial Fraud
260 _aNew Jersey,
_bJohn Wiley,
_c2009.
300 _aix, 207p.: ill.; table.
_bBibliographical reference, index.
_c22cm.
856 _yAccess online book
_fHow to Smell a Rat
_dhttp://www.wiley.com/go/permissions
942 _2ddc
_cBKS
999 _c770
_d770